[Event "Veneto Province-ch 82nd"]
[Site "Ceregnano"]
[Date "2023.01.29"]
[Round "5.4"]
[White "Zanirato, Stefano"]
[Black "Aprile, Massimo"]
[Result "1-0"]
[WhiteElo "1786"]
[BlackElo "1589"]
[PlyCount "69"]
[EventDate "2023.01.27"]
[EventType "swiss"]
[EventRounds "5"]
[EventCountry "ITA"]
[SourceTitle "EXT 2024"]
[Source "ChessBase"]
[SourceDate "2023.10.10"]
[SourceVersion "1"]
[SourceVersionDate "2023.10.10"]
[SourceQuality "1"]

1. e4 e5 2. Nf3 d6 3. d4 exd4 4. Qxd4 Nc6 5. Bb5 Bd7 6. Bxc6 Bxc6 7. 0-0 Nf6 8. Nc3 Be7 9. Nd5 Bxd5 10. exd5 0-0 11. c4 Nd7 12. Qg4 Bf6 13. Bg5 Bxg5 14. Nxg5 Ne5 15. Qh5 h6 16. f4 Nxc4 17. Ne4 f5 18. Ng5 Rf6 19. Ne6 Qe8 20. Qxe8+ Rxe8 21. Nxc7 Re2 22. Rfe1 Re4 23. Rxe4 fxe4 24. Rc1 Nxb2 25. Ne6 Rf7 26. Rc8+ Kh7 27. Nf8+ Kg8 28. Ne6+ Kh7 29. g4 g6 30. Kf2 Nd3+ 31. Ke3 Nc5 32. Nxc5 dxc5 33. d6 Kg7 34. Rc7 Kf6 35. d7 1-0

[Event "Santa Maria di Sala op-B 29th"]
[Site "Santa Maria di Sala"]
[Date "2022.12.10"]
[Round "2"]
[White "Serea, Gabriele"]
[Black "Zanirato, Stefano"]
[Result "1/2-1/2"]
[WhiteElo "1644"]
[BlackElo "1798"]
[PlyCount "79"]
[EventDate "2022.12.09"]
[EventType "swiss"]
[EventRounds "5"]
[EventCountry "ITA"]
[SourceTitle "EXT 2024"]
[Source "ChessBase"]
[SourceDate "2023.10.10"]
[SourceVersion "1"]
[SourceVersionDate "2023.10.10"]
[SourceQuality "1"]

1. e4 Nc6 2. d4 d5 3. e5 a6 4. Be3 Bf5 5. a3 e6 6. Ne2 Be7 7. Ng3 Bg6 8. Be2 f6 9. f4 Nh6 10. 0-0 0-0 11. c4 fxe5 12. fxe5 Rxf1+ 13. Bxf1 Bg5 14. Bxg5 Qxg5 15. cxd5 Qe3+ 16. Kh1 Nxd4 17. Nc3 Qxe5 18. Qe1 Qxe1 19. Rxe1 Bf7 20. Re4 c5 21. dxc6 Nxc6 22. Na4 e5 23. Nc5 b5 24. h3 Bd5 25. Re1 Nf7 26. Rd1 Nd4 27. Bd3 a5 28. Nf5 Bc4 29. Bxc4 bxc4 30. Nxd4 exd4 31. Rxd4 Rb8 32. Rxc4 Rxb2 33. Ne6 Nd6 34. Rc7 Rb7 35. Rc6 Rd7 36. Nc5 Rd8 37. Ne6 Rd7 38. Nc5 Rd8 39. Nb3 Nb5 40. Nxa5 1/2-1/2

[Event "Santa Maria di Sala op-B 29th"]
[Site "Santa Maria di Sala"]
[Date "2022.12.10"]
[Round "3"]
[White "Zanirato, Stefano"]
[Black "Tomio, Dante"]
[Result "0-1"]
[WhiteElo "1798"]
[BlackElo "1642"]
[PlyCount "76"]
[EventDate "2022.12.09"]
[EventType "swiss"]
[EventRounds "5"]
[EventCountry "ITA"]
[SourceTitle "EXT 2024"]
[Source "ChessBase"]
[SourceDate "2023.10.10"]
[SourceVersion "1"]
[SourceVersionDate "2023.10.10"]
[SourceQuality "1"]

1. e4 c5 2. Nf3 e6 3. Nc3 a6 4. a4 Qc7 5. g3 b6 6. Bg2 Bb7 7. 0-0 Nc6 8. d3 Nf6 9. Re1 d6 10. Bg5 Be7 11. Qd2 0-0 12. h3 Rad8 13. d4 cxd4 14. Nxd4 Nxd4 15. Qxd4 h6 16. Be3 Nd7 17. Qd2 Bf6 18. f4 Rfe8 19. Rad1 Be7 20. Qf2 Bf6 21. Bd4 e5 22. fxe5 dxe5 23. Be3 Be7 24. Rf1 f6 25. Kh2 Nc5 26. b4 Nd7 27. Nd5 Bxd5 28. exd5 Bxb4 29. Be4 Bc5 30. Qf5 Nf8 31. Bxh6 gxh6 32. Qxf6 Qg7 33. Qf5 Rd6 34. Qh5 Re7 35. Rf5 Rf6 36. Rdf1 Rxf5 37. Rxf5 Rf7 38. Qxf7+ Qxf7 0-1

[Event "Chioggia op-B 15th"]
[Site "Chioggia"]
[Date "2022.10.01"]
[Round "2"]
[White "Zanirato, Stefano"]
[Black "D'Amico, Nicola"]
[Result "0-1"]
[WhiteElo "1817"]
[BlackElo "1666"]
[PlyCount "78"]
[EventDate "2022.09.30"]
[EventType "swiss"]
[EventRounds "5"]
[EventCountry "ITA"]
[SourceTitle "EXT 2024"]
[Source "ChessBase"]
[SourceDate "2023.10.10"]
[SourceVersion "1"]
[SourceVersionDate "2023.10.10"]
[SourceQuality "1"]

1. e4 e5 2. Nf3 Nf6 3. d4 Nxe4 4. Bd3 d5 5. 0-0 exd4 6. Re1 Be7 7. Bxe4 dxe4 8. Rxe4 c5 9. b4 b6 10. bxc5 bxc5 11. Ba3 Be6 12. Qe2 0-0 13. Nbd2 Nd7 14. Rxe6 fxe6 15. Qxe6+ Kh8 16. Ne4 Bf6 17. Re1 Qa5 18. Bc1 Ne5 19. Bd2 Nxf3+ 20. gxf3 Qb6 21. Nd6 Qc7 22. Rb1 Qe7 23. Qd5 Rad8 24. Bf4 Bh4 25. Be5 Bf6 26. Bg3 h6 27. Kf1 Bg5 28. Re1 Qd7 29. Re6 Bf4 30. Bxf4 Rxf4 31. Qe5 Rdf8 32. Re7 Qh3+ 33. Ke1 Qg2 34. Re8 Qxf3 35. Rxf8+ Rxf8 36. Ne4 Qf5 37. Qe7 Qf7 38. Qxc5 Re8 39. Qxd4 Qf3 0-1

[Event "Chioggia op-B 15th"]
[Site "Chioggia"]
[Date "2022.09.30"]
[Round "1"]
[White "Nallo, Federico"]
[Black "Zanirato, Stefano"]
[Result "1/2-1/2"]
[WhiteElo "1606"]
[BlackElo "1817"]
[PlyCount "43"]
[EventDate "2022.09.30"]
[EventType "swiss"]
[EventRounds "5"]
[EventCountry "ITA"]
[SourceTitle "EXT 2024"]
[Source "ChessBase"]
[SourceDate "2023.10.10"]
[SourceVersion "1"]
[SourceVersionDate "2023.10.10"]
[SourceQuality "1"]

1. e4 Nc6 2. Nc3 Nf6 3. f4 d5 4. e5 d4 5. exf6 dxc3 6. bxc3 exf6 7. Nf3 Bd6 8. d4 0-0 9. Be2 Ne7 10. 0-0 Nd5 11. Bc4 Nxf4 12. Nh4 Ng6 13. Qh5 Nxh4 14. Qxh4 Be6 15. Bd3 f5 16. Qh3 g6 17. Qh6 f6 18. Bf4 Rf7 19. Bxd6 Qxd6 20. Rae1 Rg7 21. Re3 Bf7 22. Rfe1 1/2-1/2

[Event "Padova del Santo op-B 7th"]
[Site "Padova"]
[Date "2020.02.21"]
[Round "1.3"]
[White "Zanirato, Stefano"]
[Black "Lo Gatto, Riccardo"]
[Result "1-0"]
[WhiteElo "1873"]
[BlackElo "1720"]
[PlyCount "43"]
[EventDate "2020.02.21"]
[EventType "swiss"]
[EventRounds "3"]
[EventCountry "ITA"]
[SourceTitle "EXT 2024"]
[Source "ChessBase"]
[SourceDate "2023.10.10"]
[SourceVersion "1"]
[SourceVersionDate "2023.10.10"]
[SourceQuality "1"]

1. e4 c5 2. Nc3 Nc6 3. g3 g6 4. Bg2 Bg7 5. Nge2 e6 6. d3 Nge7 7. 0-0 0-0 8. h3 b6 9. f4 d5 10. g4 d4 11. Nb1 b5 12. Nd2 Ba6 13. Nb3 Qb6 14. f5 Be5 15. f6 Nc8 16. Qd2 Kh8 17. Qh6 Rg8 18. g5 c4 19. Bf4 Qd8 20. Bxe5 Nxe5 21. Rf4 Qf8 22. Qxh7+ 1-0

[Event "Treviso op-A 3rd"]
[Site "Treviso"]
[Date "2019.03.31"]
[Round "4.7"]
[White "Cervati, Michele"]
[Black "Zanirato, Stefano"]
[Result "1/2-1/2"]
[WhiteElo "1729"]
[BlackElo "1865"]
[PlyCount "24"]
[EventDate "2019.03.29"]
[EventType "swiss"]
[EventRounds "5"]
[EventCountry "ITA"]
[SourceTitle "EXT 2024"]
[Source "ChessBase"]
[SourceDate "2023.10.10"]
[SourceVersion "1"]
[SourceVersionDate "2023.10.10"]
[SourceQuality "1"]

1. e4 Nc6 2. Nf3 e6 3. d4 d5 4. exd5 exd5 5. c4 Bg4 6. cxd5 Qxd5 7. Be2 Nf6 8. Nc3 Bb4 9. Bd2 Bxc3 10. Bxc3 0-0 11. 0-0 Rfe8 12. Re1 Re6 1/2-1/2

[Event "Treviso op-A 3rd"]
[Site "Treviso"]
[Date "2019.03.31"]
[Round "5.8"]
[White "Zanirato, Stefano"]
[Black "Negro, Raffaele"]
[Result "1-0"]
[WhiteElo "1865"]
[BlackElo "1831"]
[PlyCount "83"]
[EventDate "2019.03.29"]
[EventType "swiss"]
[EventRounds "5"]
[EventCountry "ITA"]
[SourceTitle "EXT 2024"]
[Source "ChessBase"]
[SourceDate "2023.10.10"]
[SourceVersion "1"]
[SourceVersionDate "2023.10.10"]
[SourceQuality "1"]

1. e4 e6 2. d4 d5 3. Bd3 dxe4 4. Bxe4 Nf6 5. Bg5 Be7 6. Bxf6 Bxf6 7. c3 Nd7 8. Nf3 c5 9. dxc5 Nxc5 10. Qxd8+ Kxd8 11. Bc2 b6 12. Nbd2 Bb7 13. 0-0-0 Kc7 14. Rhe1 Rad8 15. Ne4 Rxd1+ 16. Kxd1 Rd8+ 17. Kc1 Bxe4 18. Bxe4 Nd3+ 19. Bxd3 Rxd3 20. Kc2 Rd5 21. Re4 Kd6 22. Nd2 Rg5 23. g3 Rf5 24. Re2 Be7 25. f4 h5 26. Nc4+ Kc7 27. b4 g5 28. Ne3 Rf6 29. f5 Bd6 30. Kd3 Kc6 31. fxe6 Rxe6 32. Rf2 f6 33. Nf5 Be5 34. a4 Kd7 35. c4 a6 36. c5 Rc6 37. Rc2 bxc5 38. bxc5 Rc7 39. Ke4 Kc6 40. Ne3 Rd7 41. Nc4 Rd5 42. Na5+ 1-0

[Event "Verona-chT Serie C/9 51st"]
[Site "Verona"]
[Date "2019.03.16"]
[Round "3.2"]
[White "Zanirato, Stefano"]
[Black "Faccia, Sergio"]
[Result "1-0"]
[WhiteElo "1865"]
[BlackElo "1989"]
[PlyCount "121"]
[EventDate "2019.03.15"]
[EventType "team-tourn"]
[EventRounds "5"]
[EventCountry "ITA"]
[SourceTitle "EXT 2022"]
[Source "ChessBase"]
[SourceDate "2021.10.06"]
[SourceVersion "1"]
[SourceVersionDate "2021.10.06"]
[SourceQuality "1"]
[WhiteTeam "Rovigo"]
[BlackTeam "Verona S Bonifacio Cavalli Pazzi"]
[WhiteTeamCountry "ITA"]
[BlackTeamCountry "ITA"]

1. e4 e5 2. Nf3 Nc6 3. d4 exd4 4. Bc4 Nf6 5. 0-0 Bc5 6. e5 d5 7. exf6 dxc4 8. fxg7 Rg8 9. Bg5 Qd5 10. Nc3 Qf5 11. Ne4 Rxg7 12. Nxc5 Qxc5 13. Re1+ Be6 14. Bf6 Rg6 15. Bxd4 Qd5 16. Bc3 0-0-0 17. Qxd5 Bxd5 18. Re3 Rdg8 19. g3 b5 20. a3 h5 21. Rd1 Be6 22. Nh4 Rg4 23. Kf1 Rd8 24. Rxd8+ Kxd8 25. f3 Rg8 26. Kf2 a6 27. Ng2 Kd7 28. Nf4 Rg5 29. Nxe6 fxe6 30. f4 Rd5 31. Ke2 Ke7 32. h3 Kf7 33. g4 hxg4 34. hxg4 Nd4+ 35. Bxd4 Rxd4 36. Kf3 Rd2 37. Re2 Rd1 38. Ke4 Rb1 39. c3 Rd1 40. g5 a5 41. Kf3 Rd5 42. Kg4 c5 43. Kh5 Rf5 44. Kg4 Rd5 45. Rh2 b4 46. Rh7+ Kg6 47. Re7 Rd2 48. Rxe6+ Kf7 49. Rc6 Rxb2 50. cxb4 cxb4 51. Rxc4 b3 52. Rc7+ Kf8 53. Rb7 a4 54. Rb4 Rb1 55. Kf5 Rc1 56. Rb6 Rc4 57. Ke5 Rc2 58. Kf6 Ke8 59. g6 b2 60. g7 Rg2 61. Rxb2 1-0

[Event "Venice Autumn op 25th"]
[Site "Venice S Leonardo"]
[Date "2018.11.01"]
[Round "2.2"]
[White "Zanirato, Stefano"]
[Black "Zarpellon, Daniele"]
[Result "1/2-1/2"]
[WhiteElo "1859"]
[BlackElo "1920"]
[PlyCount "119"]
[EventDate "2018.11.01"]
[EventType "swiss"]
[EventRounds "5"]
[EventCountry "ITA"]
[SourceTitle "EXT 2023"]
[Source "ChessBase"]
[SourceDate "2022.10.05"]
[SourceVersion "1"]
[SourceVersionDate "2022.10.05"]
[SourceQuality "1"]

1. e4 d6 2. d4 Nf6 3. Nc3 Nbd7 4. Be2 c6 5. Nf3 e5 6. h3 b5 7. a3 a6 8. b4 Be7 9. Be3 0-0 10. dxe5 dxe5 11. 0-0 Qc7 12. Nd2 Bb7 13. Bf3 Rfd8 14. Qe2 c5 15. Nd5 Nxd5 16. exd5 cxb4 17. axb4 Bxb4 18. c4 Bxd2 19. Bxd2 Qxc4 20. Qxc4 bxc4 21. Ba5 Re8 22. Bg4 Nc5 23. d6 Bc8 24. Bc7 f5 25. Be2 Nd3 26. Ra3 e4 27. f3 Bd7 28. fxe4 fxe4 29. Rc3 Be6 30. Bd1 Rf8 31. Ba4 Rxf1+ 32. Kxf1 Rf8+ 33. Ke2 Nf4+ 34. Kd2 Rf7 35. Re3 Nd5 36. Rxe4 Bd7 37. Bxd7 c3+ 38. Kd3 Rxd7 39. Re8+ Kf7 40. Rc8 Ke6 41. Re8+ Kf7 42. Rc8 Ke6 43. Re8+ Kf5 44. Rf8+ Ke6 45. Re8+ Kf7 46. Rc8 Nxc7 47. Rxc7 Ke6 48. Rxc3 Rxd6+ 49. Ke4 a5 50. Rc7 Rd7 51. Rc6+ Rd6 52. Rc7 Kf6 53. Ra7 Re6+ 54. Kf4 g5+ 55. Kf3 h5 56. Rxa5 Rb6 57. g3 Rb3+ 58. Kf2 Rb2+ 59. Kf3 Rb3+ 60. Kf2 1/2-1/2

[Event "Treviso Lega op-A 2nd"]
[Site "Treviso"]
[Date "2018.03.04"]
[Round "5"]
[White "Zanirato, Stefano"]
[Black "Sforza, Michelangelo"]
[Result "1-0"]
[WhiteElo "1881"]
[BlackElo "1780"]
[PlyCount "132"]
[EventDate "2018.03.02"]
[EventType "swiss"]
[EventRounds "5"]
[EventCountry "ITA"]
[SourceTitle "EXT 2022"]
[Source "ChessBase"]
[SourceDate "2021.10.06"]
[SourceVersion "1"]
[SourceVersionDate "2021.10.06"]
[SourceQuality "1"]

1. e4 e5 2. Nf3 Nc6 3. d4 exd4 4. Bc4 Nf6 5. 0-0 Nxe4 6. Re1 d5 7. Bxd5 Qxd5 8. Nc3 Qh5 9. Nxe4 Be6 10. Bg5 Bd6 11. Bf6 Bxh2+ 12. Nxh2 Qxd1 13. Raxd1 gxf6 14. Nxf6+ Ke7 15. Nd5+ Kd7 16. c4 Rad8 17. b3 Kc8 18. Nf6 h5 19. Rd2 Rh6 20. Ne4 Rg6 21. Nf3 Rdg8 22. Nh4 R6g7 23. f3 a5 24. Nc5 Re8 25. Kf2 b6 26. Nd3 a4 27. Ne5 Bd7 28. Nxc6 Bxc6 29. Rxe8+ Bxe8 30. Rxd4 axb3 31. axb3 Rg5 32. Ke3 Ra5 33. Rd5 Rxd5 34. cxd5 Kb7 35. Nf5 f6 36. Nd4 c6 37. dxc6+ Bxc6 38. Kf4 Bd7 39. Ke4 Ka6 40. b4 Bc8 41. Kd5 h4 42. Kd6 h3 43. gxh3 Bxh3 44. Kc7 f5 45. Kd6 f4 46. Ke5 Bg2 47. Kxf4 Kb7 48. Kg3 Bf1 49. f4 Kc7 50. f5 Kd6 51. Kf4 Bc4 52. f6 Bf7 53. Kf5 Kd5 54. Nb5 Kc6 55. Nc3 Kd6 56. Ne4+ Kc6 57. Ke5 Bb3 58. Ng5 Bg8 59. Kd4 Kb5 60. Kc3 Ka4 61. f7 Bxf7 62. Nxf7 b5 63. Ne5 Ka3 64. Nc6 Ka4 65. Kd4 Kb3 66. Kc5 Ka4 1-0

[Event "Chioggia op-B 12th"]
[Site "Chioggia"]
[Date "2017.10.07"]
[Round "3"]
[White "Pieropan, Giorgio"]
[Black "Zanirato, Stefano"]
[Result "1-0"]
[WhiteElo "1814"]
[BlackElo "1887"]
[PlyCount "127"]
[EventDate "2017.10.06"]
[EventType "swiss"]
[EventRounds "5"]
[EventCountry "ITA"]
[SourceTitle "EXT 2022"]
[Source "ChessBase"]
[SourceDate "2021.10.06"]
[SourceVersion "1"]
[SourceVersionDate "2021.10.06"]
[SourceQuality "1"]

1. e4 Nc6 2. Bc4 e6 3. Nc3 Nf6 4. d3 d5 5. exd5 exd5 6. Bb3 h6 7. d4 Be6 8. Nf3 a6 9. Bf4 Bd6 10. Bg3 0-0 11. 0-0 Bxg3 12. hxg3 Bg4 13. Re1 Qd6 14. Qd2 Rfe8 15. Ne5 Nxe5 16. dxe5 Rxe5 17. Rxe5 Qxe5 18. Nxd5 Nxd5 19. Qxd5 Qxd5 20. Bxd5 c6 21. Be4 Rd8 22. Bd3 Kf8 23. f3 Be6 24. Kf2 Ke7 25. Ke3 Kd7 26. b3 Kc7 27. g4 c5 28. a4 Bd5 29. c4 Bc6 30. a5 b6 31. g3 bxa5 32. Rxa5 Kb6 33. Ra1 Bxf3 34. Rf1 Bxg4 35. Rxf7 Rd7 36. Rf8 Bd1 37. Rf1 Bh5 38. Be4 Re7 39. Kd3 Be2+ 40. Kxe2 Rxe4+ 41. Kd3 Rg4 42. Rf3 h5 43. Kc3 Kc6 44. Kc2 Kd6 45. Rd3+ Rd4 46. Re3 g5 47. Kc3 Rg4 48. b4 cxb4+ 49. Kxb4 a5+ 50. Kb5 a4 51. c5+ Kc7 52. c6 Rd4 53. Re7+ Kc8 54. Re8+ Rd8 55. Re3 Rh8 56. Ra3 h4 57. Rxa4 Kb8 58. Kb6 Rh6 59. Re4 Rh8 60. gxh4 gxh4 61. Ra4 Rh6 62. Rg4 Rh8 63. Rg7 h3 64. Rb7+ 1-0

[Event "Chioggia op-B 12th"]
[Site "Chioggia"]
[Date "2017.10.07"]
[Round "2"]
[White "Zanirato, Stefano"]
[Black "El Khalqi, Mohamed"]
[Result "1-0"]
[WhiteElo "1887"]
[BlackElo "1477"]
[PlyCount "69"]
[EventDate "2017.10.06"]
[EventType "swiss"]
[EventRounds "5"]
[EventCountry "ITA"]
[SourceTitle "EXT 2022"]
[Source "ChessBase"]
[SourceDate "2021.10.06"]
[SourceVersion "1"]
[SourceVersionDate "2021.10.06"]
[SourceQuality "1"]

1. e4 d5 2. e5 c5 3. Nf3 Bg4 4. c3 Nc6 5. Bb5 a6 6. Bxc6+ bxc6 7. Qa4 Qd7 8. Qf4 Bxf3 9. Qxf3 e6 10. 0-0 Ne7 11. d3 Ng6 12. Qh5 Be7 13. g3 0-0 14. Qe2 f6 15. d4 cxd4 16. cxd4 fxe5 17. dxe5 Rf5 18. f4 Raf8 19. Rd1 Bc5+ 20. Kh1 d4 21. Qc4 Qd5+ 22. Qxd5 cxd5 23. Nd2 Nxe5 24. fxe5 Rxe5 25. Nb3 Re2 26. Bf4 Bb6 27. Re1 Rxb2 28. Rxe6 g5 29. Rxb6 gxf4 30. Rf1 f3 31. Rxa6 d3 32. Rd6 d2 33. Rxd5 Rxa2 34. Rxd2 Ra3 35. Nd4 1-0

[Event "Chioggia op-B 12th"]
[Site "Chioggia"]
[Date "2017.10.06"]
[Round "1"]
[White "Loris, Stefano"]
[Black "Zanirato, Stefano"]
[Result "1/2-1/2"]
[WhiteElo "1676"]
[BlackElo "1887"]
[PlyCount "111"]
[EventDate "2017.10.06"]
[EventType "swiss"]
[EventRounds "5"]
[EventCountry "ITA"]
[SourceTitle "EXT 2022"]
[Source "ChessBase"]
[SourceDate "2021.10.06"]
[SourceVersion "1"]
[SourceVersionDate "2021.10.06"]
[SourceQuality "1"]

1. d4 d5 2. c4 Nc6 3. Nc3 e5 4. e3 exd4 5. exd4 Bb4 6. Nf3 Nf6 7. a3 Bxc3+ 8. bxc3 0-0 9. Be2 h6 10. 0-0 Be6 11. c5 a6 12. Qc2 Qd7 13. Re1 Rfe8 14. Bf4 Bf5 15. Bd3 Be4 16. Bxe4 dxe4 17. Ne5 Qf5 18. Bg3 Nh5 19. Nxc6 Nxg3 20. hxg3 bxc6 21. Re3 Qg6 22. Rb1 f5 23. Rb7 Qf7 24. Qa4 Qd7 25. d5 Qxd5 26. Rxc7 Qxc5 27. Rxc6 Qb5 28. Qxb5 axb5 29. Rc5 Rxa3 30. Rxf5 Rb8 31. Re5 Ra1+ 32. Kh2 Ra2 33. Kg1 Rf8 34. f3 exf3 35. gxf3 Rb2 36. Re7 Rf5 37. g4 Rd5 38. Re2 Rxe2 39. Rxe2 Rd3 40. Rb2 Rxc3 41. Rxb5 Rxf3 42. Kg2 Rc3 43. Rb6 Kh7 44. Re6 Kg8 45. Rb6 Kf7 46. Ra6 Re3 47. Rb6 Re6 48. Rb5 Kf6 49. Kf3 Re5 50. Rb7 Ra5 51. Kg3 g6 52. Kh4 Re5 53. Rb6+ Re6 54. Rb7 Re1 55. Rb6+ Re6 56. Rb7 1/2-1/2

[Event "Mogliano Veneto op-B 38th"]
[Site "Mogliano Veneto"]
[Date "2017.04.30"]
[Round "3.6"]
[White "Zanirato, Stefano"]
[Black "Rossi, Gianni"]
[Result "1/2-1/2"]
[WhiteElo "1912"]
[BlackElo "1800"]
[PlyCount "96"]
[EventDate "2017.04.29"]
[EventType "swiss"]
[EventRounds "5"]
[EventCountry "ITA"]
[SourceTitle "EXT 2023"]
[Source "ChessBase"]
[SourceDate "2022.10.05"]
[SourceVersion "1"]
[SourceVersionDate "2022.10.05"]
[SourceQuality "1"]

1. e4 Nf6 2. Nc3 d5 3. exd5 Nxd5 4. Bc4 Nb6 5. Bb3 Nc6 6. Nf3 g6 7. d4 Bg7 8. Be3 0-0 9. Qd2 Na5 10. Bh6 Nbc4 11. Qc1 Bg4 12. Bxg7 Kxg7 13. Ne2 Bxf3 14. gxf3 Qd5 15. Qf4 e5 16. dxe5 Nxb3 17. axb3 Nxe5 18. Qd4 Rfd8 19. Qxd5 Rxd5 20. f4 Nf3+ 21. Kf1 a6 22. Kg2 Nh4+ 23. Kh3 Rd2 24. Ng3 Nf3 25. Kg2 Nd4 26. Rhd1 Rxd1 27. Rxd1 Ne6 28. Kf3 Rd8 29. Rxd8 Nxd8 30. Ke4 Kf6 31. b4 Ke6 32. f5+ Kd6 33. h4 Nc6 34. c3 Ne5 35. b3 Ng4 36. f3 Nf6+ 37. Kd4 b6 38. c4 c5+ 39. bxc5+ bxc5+ 40. Ke3 Ke5 41. f4+ Kd6 42. fxg6 hxg6 43. Kd3 Ke6 44. Kc3 a5 45. Kd3 Nh5 46. Nxh5 gxh5 47. Ke4 f5+ 48. Ke3 Kd6 1/2-1/2

[Event "Treviso op-B 1st"]
[Site "Treviso"]
[Date "2017.03.18"]
[Round "2.6"]
[White "Bisaro, Andrea"]
[Black "Zanirato, Stefano"]
[Result "0-1"]
[WhiteElo "1750"]
[BlackElo "1911"]
[PlyCount "82"]
[EventDate "2017.03.17"]
[EventType "swiss"]
[EventRounds "5"]
[EventCountry "ITA"]
[SourceTitle "EXT 2024"]
[Source "ChessBase"]
[SourceDate "2023.10.10"]
[SourceVersion "1"]
[SourceVersionDate "2023.10.10"]
[SourceQuality "1"]

1. d4 d6 2. c4 e5 3. dxe5 dxe5 4. Qxd8+ Kxd8 5. Nc3 Be6 6. e3 c6 7. Nf3 f6 8. Bd2 Nd7 9. Be2 Kc7 10. 0-0 g5 11. Rac1 Ne7 12. b4 Ng6 13. b5 Nc5 14. Ne1 Rd8 15. Rd1 Be7 16. g3 Rd7 17. bxc6 bxc6 18. Kg2 Nb7 19. Na4 Rhd8 20. Nd3 Bxc4 21. Ndc5 Bxc5 22. Nxc5 Rxd2 23. Bxc4 Nxc5 24. Rxd2 Rxd2 25. Bg8 Nf8 26. h4 g4 27. h5 h6 28. Rc1 Nfe6 29. a4 Kd6 30. Rc4 f5 31. Bh7 Kd5 32. Rb4 Rxf2+ 33. Kg1 Rf3 34. Rb8 Rxg3+ 35. Kf2 Rf3+ 36. Ke2 a5 37. Ra8 Ke4 38. Rxa5 Rxe3+ 39. Kf2 g3+ 40. Kg2 Nf4+ 41. Kf1 g2+ 0-1

[Event "Chioggia op-B 11th"]
[Site "Chioggia"]
[Date "2016.10.09"]
[Round "5"]
[White "Pelyushenko, Vladyslav"]
[Black "Zanirato, Stefano"]
[Result "1/2-1/2"]
[WhiteElo "1784"]
[BlackElo "1897"]
[PlyCount "130"]
[EventDate "2016.10.07"]
[EventType "swiss"]
[EventRounds "5"]
[EventCountry "ITA"]
[SourceTitle "EXT 2022"]
[Source "ChessBase"]
[SourceDate "2021.10.06"]
[SourceVersion "1"]
[SourceVersionDate "2021.10.06"]
[SourceQuality "1"]

1. d4 e5 2. dxe5 Nc6 3. Nf3 Qe7 4. Nc3 Nxe5 5. Nxe5 Qxe5 6. g3 c6 7. Bg2 d5 8. Bf4 Qh5 9. e4 Qxd1+ 10. Rxd1 dxe4 11. Nxe4 Be6 12. Nd6+ Bxd6 13. Bxd6 Ne7 14. 0-0 Nf5 15. Ba3 Rd8 16. b3 f6 17. Rfe1 Kf7 18. c4 Nd4 19. Bc5 Nc2 20. Rxd8 Rxd8 21. Rc1 b6 22. Be3 Nxe3 23. fxe3 c5 24. Rc2 Rd1+ 25. Kf2 Ke7 26. Bf3 Ra1 27. Rd2 a5 28. g4 a4 29. h3 g6 30. Bc6 axb3 31. axb3 Ra3 32. Bb5 Rxb3 33. Ra2 Rb4 34. Ra7+ Kd6 35. Rxh7 Bxc4 36. Be8 g5 37. Rd7+ Ke6 38. Rb7 Bd5 39. Bf7+ Kd6 40. Bxd5 Kxd5 41. Kf3 c4 42. Rd7+ Ke6 43. Rc7 b5 44. Ke4 Rb3 45. Rc6+ Ke7 46. Kd4 Rd3+ 47. Ke4 Rd6 48. Rc5 Rb6 49. Kd4 Ke6 50. Ke4 Kd6 51. Kd4 Rb8 52. Rf5 Ke6 53. Rc5 Rh8 54. Rxb5 Rxh3 55. Rb6+ Kf7 56. Ke4 Kg6 57. Rc6 Rg3 58. Kd5 Rxe3 59. Rxc4 Rf3 60. Ra4 Rf4 61. Rxf4 gxf4 62. Ke4 Kg5 63. Kf3 f5 64. gxf5 Kxf5 65. Kf2 Ke4 1/2-1/2

[Event "Chioggia op-B 11th"]
[Site "Chioggia"]
[Date "2016.10.08"]
[Round "3"]
[White "Zanirato, Stefano"]
[Black "Gebbin, Andrea"]
[Result "1-0"]
[WhiteElo "1897"]
[BlackElo "1555"]
[PlyCount "65"]
[EventDate "2016.10.07"]
[EventType "swiss"]
[EventRounds "5"]
[EventCountry "ITA"]
[SourceTitle "EXT 2022"]
[Source "ChessBase"]
[SourceDate "2021.10.06"]
[SourceVersion "1"]
[SourceVersionDate "2021.10.06"]
[SourceQuality "1"]

1. e4 e6 2. d4 d5 3. Bd3 dxe4 4. Bxe4 Nf6 5. Bg5 Be7 6. Bxf6 Bxf6 7. Nf3 0-0 8. c3 Nd7 9. 0-0 c5 10. Na3 Be7 11. Nc4 Nf6 12. Bc2 cxd4 13. Qxd4 Qc7 14. Nce5 Rd8 15. Qc4 Qxc4 16. Nxc4 b6 17. Nce5 Bb7 18. Rfd1 Bc5 19. b4 Be7 20. Ng5 Rd5 21. Ngxf7 Rf8 22. Bb3 Rxd1+ 23. Rxd1 Nd5 24. c4 Nf6 25. c5 Bd5 26. Nd6 Bxd6 27. cxd6 Rd8 28. d7 Bxb3 29. axb3 Kf8 30. f3 Nd5 31. Ra1 Nxb4 32. Rxa7 Nd5 33. Nc6 1-0

[Event "Mestre Cipressina op-A 4th"]
[Site "Mestre"]
[Date "2015.11.29"]
[Round "5"]
[White "Guidobene, Davide"]
[Black "Zanirato, Stefano"]
[Result "0-1"]
[WhiteElo "1820"]
[BlackElo "1899"]
[PlyCount "144"]
[EventDate "2015.11.27"]
[EventType "swiss"]
[EventRounds "5"]
[EventCountry "ITA"]
[SourceTitle "EXT 2022"]
[Source "ChessBase"]
[SourceDate "2021.10.06"]
[SourceVersion "1"]
[SourceVersionDate "2021.10.06"]
[SourceQuality "1"]

1. d4 d5 2. c4 c6 3. cxd5 cxd5 4. Bf4 f5 5. e3 Nf6 6. Bd3 e6 7. Nc3 a6 8. Rc1 Nc6 9. a3 Be7 10. h3 0-0 11. Nf3 Ne4 12. 0-0 Bd7 13. Ne5 Nxe5 14. Bxe5 Qe8 15. Qb3 Nd2 16. Qxb7 Nxf1 17. Bxf1 Bc6 18. Qb6 Bd8 19. Qc5 Qd7 20. Bd6 Re8 21. b3 h6 22. a4 Be7 23. Bxe7 Rxe7 24. Na2 Bb7 25. Qb6 Qd8 26. Qxd8+ Rxd8 27. a5 Rc8 28. Rxc8+ Bxc8 29. Nb4 Kf7 30. Kh2 Rc7 31. Kg3 Rc3 32. Nxa6 Bxa6 33. Bxa6 Rxb3 34. Bc8 Rb8 35. Bd7 Ra8 36. Kf4 Kf6 37. g4 fxg4 38. hxg4 Rxa5 39. Be8 Ra1 40. Kf3 Rg1 41. Kf4 g6 42. Kf3 Rb1 43. Kf4 Rb2 44. Kg3 Rb8 45. Bc6 Rd8 46. Ba4 e5 47. dxe5+ Kxe5 48. Bc2 g5 49. Bd1 Rf8 50. Bf3 Rf6 51. Bh1 Kd6 52. Bf3 Kc5 53. Bg2 Rd6 54. Bf1 Kb4 55. Bd3 Kc3 56. Bh7 Kd2 57. Kf3 Rf6+ 58. Kg3 Ke2 59. Bg8 Rf3+ 60. Kg2 Rxf2+ 61. Kg3 Rf3+ 62. Kg2 Rxe3 63. Bxd5 Re5 64. Bc6 Rc5 65. Bb7 Ke3 66. Kg3 Rc1 67. Bd5 Rg1+ 68. Kh3 Kf4 69. Be6 Rg3+ 70. Kh2 Re3 71. Bd7 Rg3 72. Be6 Rxg4 0-1

[Event "Cipressina op-A 2nd"]
[Site "Venice"]
[Date "2013.12.01"]
[Round "4"]
[White "Zanirato, Stefano"]
[Black "Viviani, Bruno"]
[Result "1-0"]
[WhiteElo "1866"]
[BlackElo "1733"]
[PlyCount "42"]
[EventDate "2013.11.29"]
[EventType "swiss"]
[EventRounds "5"]
[EventCountry "ITA"]
[SourceTitle "EXT 2015"]
[Source "ChessBase"]
[SourceDate "2014.11.20"]
[SourceVersion "1"]
[SourceVersionDate "2014.11.20"]
[SourceQuality "1"]

1. e4 c6 2. d4 d5 3. exd5 cxd5 4. Nc3 Nf6 5. Nf3 Nc6 6. Bb5 Bd7 7. 0-0 g6 8. Bg5 e6 9. Re1 Be7 10. Bxf6 Bxf6 11. Nxd5 Bg7 12. c3 0-0 13. Ne3 Qc7 14. d5 Ne5 15. Bxd7 Nxf3+ 16. Qxf3 Qxd7 17. Rad1 e5 18. d6 Rfe8 19. Qd5 e4 20. Nc4 b5 21. Na5 Re5 1-0